Crisis communications . (Record no. 350281)

000 -LEADER
fixed length control field 02522cam a2200349 i 4500
001 - CONTROL NUMBER
control field 17621145
003 - CONTROL NUMBER IDENTIFIER
control field OSt
005 - DATE AND TIME OF LATEST TRANSACTION
control field 20180116183011.0
008 - FIXED-LENGTH DATA ELEMENTS--GENERAL INFORMATION
fixed length control field 130211s2013 nyu b 001 0 eng
010 ## - LIBRARY OF CONGRESS CONTROL NUMBER
LC control number 2013002324
Canceled/invalid LC control number 2012537449
020 ## - INTERNATIONAL STANDARD BOOK NUMBER
International Standard Book Number 9780071799218 (alk. paper)
020 ## - INTERNATIONAL STANDARD BOOK NUMBER
International Standard Book Number 0071799214 (alk. paper)
040 ## - CATALOGING SOURCE
Original cataloging agency DLC
Language of cataloging eng
Transcribing agency DLC
Description conventions rda
Modifying agency DLC
042 ## - AUTHENTICATION CODE
Authentication code pcc
050 00 - LIBRARY OF CONGRESS CALL NUMBER
Classification number HD49
Item number F5596 2013
082 00 - DEWEY DECIMAL CLASSIFICATION NUMBER
Classification number 658.4056
Edition number 23
100 1# - MAIN ENTRY--PERSONAL NAME
Personal name Fink, Steven.
245 10 - TITLE STATEMENT
Title Crisis communications .
Remainder of title the definitive guide to managing the message .
Statement of responsibility, etc. Steven Fink.
250 ## - EDITION STATEMENT
Edition statement 1 Edition.
260 ## - PUBLICATION, DISTRIBUTION, ETC.
Place of publication, distribution, etc. New York.
Name of publisher, distributor, etc. McGraw Hill.
Date of publication, distribution, etc. 2013
300 ## - PHYSICAL DESCRIPTION
Extent xx, 314 pages ;
Dimensions 24 cm
500 ## - GENERAL NOTE
General note Paper Cover
504 ## - BIBLIOGRAPHY, ETC. NOTE
Bibliography, etc. note Includes bibliographical references and index.
505 0# - FORMATTED CONTENTS NOTE
Formatted contents note Preface -- You can't make this stuff up -- Defining our terms -- What BP should have said -- Attitude adjustments -- Toyota : on a slippery crisis communications slope with no brakes -- Understanding your crisis -- Shaping your crisis communications message -- Spokespersons -- Social media and digital communications or, truth/lies at the speed of light -- Shakespeare was right : "The first thing we do, let's kill all the lawyers" -- Protecting your brand -- Telling the truth -- Say it ain't so, Joe! : the Penn State crisis -- Dealing with death : fatality communications -- Crisis communications primer -- The good, the bad, the news media or, juggling chain saws -- Senior management : your own worst enemy? -- Take your own pulse, or, what were they thinking? -- Internal crisis communications -- External crisis communications -- Reputation management and reservoirs of goodwill -- Issues management -- Crisis communications for publicly-traded companies -- Litigation, depositions and testimony -- How to break bad news -- The blame game -- Crisis-induced stress -- Making defensible decisions : crisis communications gold, decision-making under crisis-induced stress -- Apologies : Shakespeare : still right after all these years -- Crisis advertising : does it work? -- Crisis communications plans -- The failing of business schools -- Speed is of the essence.
600 ## - SUBJECT ADDED ENTRY--PERSONAL NAME
Personal name Fink, Steven.
650 #0 - SUBJECT ADDED ENTRY--TOPICAL TERM
Topical term or geographic name entry element Crisis management.
650 #0 - SUBJECT ADDED ENTRY--TOPICAL TERM
Topical term or geographic name entry element Public relations
General subdivision Management.
700 ## - ADDED ENTRY--PERSONAL NAME
Personal name Fink, Steven.
906 ## - LOCAL DATA ELEMENT F, LDF (RLIN)
a 7
b cbc
c orignew
d 1
e ecip
f 20
g y-gencatlg
942 ## - ADDED ENTRY ELEMENTS (KOHA)
Source of classification or shelving scheme
Koha item type Book
Call number prefix 658.4056
Holdings
Withdrawn status Lost status Source of classification or shelving scheme Damaged status Not for loan Collection code Permanent Location Current Location Shelving location Date acquired Total Checkouts Full call number Barcode Date last seen Price effective from Koha item type
            Central Library (CL) Central Library (CL) General Stacks 09/08/2015   658.4056 FIN NBS9395 09/08/2015 09/08/2015 Book
© 2023 Central Library, National University of Sciences and Technology. All Rights Reserved.